| 000 | 00461nam a2200193Ia 4500 | ||
|---|---|---|---|
| 005 | 20240823014729.0 | ||
| 008 | 240823s9999||||xx |||||||||||||| ||und|| | ||
| 020 | _a81-7319-410-6 | ||
| 041 | _aENGLISH | ||
| 082 | _A628 P2 | ||
| 100 | _aSubramanian V | ||
| 245 | 0 | _aEnvironmental Science | |
| 250 | _a1st | ||
| 260 |
_c2002 _b"Narosa, New " _aNew Delhi |
||
| 500 | _aYES | ||
| 650 |
_aEnvironmental Science _bMechanical |
||
| 942 | _cBK | ||
| 999 |
_c170768 _d170768 |
||